| 000 | 00461nam a22001697a 4500 | ||
|---|---|---|---|
| 003 | NUST - PNEC | ||
| 005 | 20170116180923.0 | ||
| 008 | 150905b xxu||||| |||| 00| 0 eng d | ||
| 020 | _a0471124877 | ||
| 040 | _cLIBRARY | ||
| 082 | _a620.00 BAL | ||
| 100 |
_97866 _aBalakrishnan, A. V. |
||
| 245 |
_aIntroduction to random processes in engineering _cA. V. Balakrishnan. |
||
| 260 | _cc.1995 | ||
| 650 |
_97872 _aSignal processing _xME, IME |
||
| 942 |
_2ddc _cBK |
||
| 999 |
_c65672 _d65672 |
||